The next steps in combating age discrimination in employment, with special reference to mandatory retirement policy : a working paper /

Bibliographic Details
Main Author: Rosenblum, Marc
Corporate Authors: ProQuest (Firm), United States. Congress. Senate. Special Committee on Aging
Format: Government Document eBook
Language:English
Published: Washington : U.S. Govt. Print. Off, 1977.
Series:U.S. Congressional Research.
Subjects:
Online Access:Connect to the full text of this electronic book

MARC

Tag First Indicator Second Indicator Subfields
LEADER 00000cam a22000001a 4500
001 in00003276821
006 m d f
007 cr bn mmmapmmp
008 101011s1977 dcu ob f000 0 eng d
005 20260501141943.0
035 |a cis2007810783 
040 |a LexisNexis  |c LexisNexis  |d UtOrBLW 
043 |a n-us--- 
074 |a 1009 
086 0 |a Y 4.Ag 4:R 31/7 
099 |a CMP-1977-AGS-0004 
100 1 |a Rosenblum, Marc. 
245 1 4 |a The next steps in combating age discrimination in employment, with special reference to mandatory retirement policy :  |b a working paper /  |c prepared by Marc Rosenblum for use by the Special Committee on Aging, United States Senate. 
264 1 |a Washington :  |b U.S. Govt. Print. Off,  |c 1977. 
300 |a 1 online resource. 
336 |a text  |b txt  |2 rdacontent 
337 |a computer  |b c  |2 rdamedia 
338 |a online resource  |b cr  |2 rdacarrier 
500 |a Record is based on bibliographic data in LexisNexis U.S. Congressional Research Digital Collection. Reuse except for individual research requires license from LexisNexis. 
504 |a Contains bibliographical references. 
500 |a Electronic resource. 
650 0 |a Retirement  |z United States. 
650 0 |a Age and employment  |z United States. 
650 0 |a Discrimination in employment  |z United States. 
655 7 |a Electronic books.  |2 local 
710 2 |a ProQuest (Firm) 
710 1 |a United States.  |b Congress.  |b Senate.  |b Special Committee on Aging. 
776 0 8 |i Print version:   |t Next steps in combating age discrimination in employment, with special reference to mandatory retirement policy  |w gp 78000948  |w (OCoLC)03231125 
776 0 8 |i Microfiche version:   |t Next steps in combating age discrimination in employment, with special reference to mandatory retirement policy  |d [Bethesda, Md.] : LexisNexis Academic & Library Solutions,1977.   |o CIS 77 S142-4  |w (LexisNexis)cis07702019 
830 0 |a U.S. Congressional Research. 
856 4 0 |u http://proxy.library.tamu.edu/login?url=https://congressional.proquest.com/congcomp/getdoc?CRDC-ID=CMP-1977-AGS-0004  |z Connect to the full text of this electronic book  |t 0 
998 |a cis07702019 
999 |a MARS 
999 f f |s 637d0358-adf0-38e2-a79e-795c500ff505  |i ebead13c-ae05-3c85-bd03-9b79f6fd87e0  |t 0 
952 f f |a Texas A&M University  |b College Station  |c Electronic Resources  |s www_evans  |d Available Online  |t 0  |e CMP-1977-AGS-0004  |h Other scheme 
998 f f |a CMP-1977-AGS-0004  |t 0  |l Available Online